000 00323nam a22001337a 4500
008 171020b xxu||||| |||| 00| 0 eng d
020 _a9780312228415
041 _aeng
080 _a338
100 _a54
101 _aMEN
245 _aMANAGEMNET AND ORGANIZATIONS IN THE CHINESE CONTEXT
_cWELDON.E
942 _2udc
_cBK
999 _c35036
_d35036